000 00309cam a2200121ua 4500
082 _a636.089
_bSRE/JA
100 _aSreenivasan, K. N .
_91709
245 _aJanthu Rogangal /
250 _a1 /
260 _aThiruvananthapuram :
_bState Instititute of Languages ,
_c1973.
300 _a134 ; .
942 _cBK
999 _c10861
_d10861